Members of the United Nations - Statistics

General Stats
  • This quiz has been taken 1,908 times
    1,882 since last reset
  • The average score is 131 of 193
Answer Stats
Answer % Correct
United States of America
90%
United Kingdom of Great Britain and Northern Ireland
89%
China
87%
Russian Federation
87%
Canada
86%
France
85%
Germany
84%
Mexico
84%
Australia
83%
Brazil
82%
Finland
82%
Japan
82%
Sweden
82%
India
81%
Republic of Korea
81%
Spain
81%
Argentina
80%
Norway
80%
Austria
79%
Chile
79%
Denmark
79%
Iran (Islamic Republic of)
79%
Ireland
79%
Portugal
79%
Albania
78%
Democratic People's Republic of Korea
78%
Egypt
78%
Iraq
78%
Italy
78%
Afghanistan
77%
Pakistan
77%
Algeria
76%
Belgium
76%
Cuba
76%
Greece
76%
Iceland
76%
Poland
76%
Indonesia
75%
Israel
75%
Andorra
74%
Estonia
74%
Lithuania
74%
Netherlands
74%
New Zealand
74%
Paraguay
74%
Peru
74%
South Africa
74%
Turkey
74%
Yemen
74%
Armenia
73%
Latvia
73%
Oman
73%
Saudi Arabia
73%
Switzerland
73%
Venezuela (Bolivarian Republic of)
73%
Vietnam
73%
Bolivia (Plurinational State of)
72%
Colombia
72%
Democratic Republic of the Congo
72%
Dominica
72%
Haiti
72%
Lao's People's Democratic Republic
72%
Republic of the Congo
72%
Ukraine
72%
Uruguay
72%
Belarus
71%
Ecuador
71%
Libya
71%
Niger
71%
Panama
71%
Qatar
71%
Slovakia
71%
Sudan
71%
Thailand
71%
Bosnia and Herzegovina
70%
Bulgaria
70%
Cambodia
70%
Croatia
70%
Morocco
70%
Serbia
70%
Syrian Arab Republic
70%
United Arab Emirates
70%
Angola
69%
Belize
69%
Honduras
69%
Hungary
69%
Malaysia
69%
Mongolia
69%
Nigeria
69%
Romania
69%
Slovenia
69%
South Sudan
69%
Chad
68%
Costa Rica
68%
Czech Republic
68%
Dominican Republic
68%
Guyana
68%
San Marino
68%
Uzbekistan
68%
Bahamas
67%
Bhutan
67%
Cyprus
67%
El Salvador
67%
Georgia
67%
Guinea
67%
Jordan
67%
Kenya
67%
Kuwait
67%
Luxembourg
67%
Nepal
67%
Singapore
67%
Turkmenistan
67%
Zimbabwe
67%
Azerbaijan
66%
Bahrain
66%
Ethiopia
66%
Fiji
66%
Guatemala
66%
Jamaica
66%
Lebanon
66%
Myanmar
66%
Suriname
66%
Barbados
65%
Mali
65%
Malta
65%
Zambia
65%
Antigua and Barbuda
64%
Bangladesh
64%
Kazakhstan
64%
Monaco
64%
Montenegro
64%
Nicaragua
64%
Somalia
64%
Tunisia
64%
Brunei Darussalam
63%
Ghana
63%
Lesotho
63%
Tajikistan
63%
The former Yugoslav Republic of Macedonia
63%
Togo
63%
Philippines
62%
Republic of Moldova
62%
Saint Lucia
62%
Botswana
61%
Rwanda
61%
Sri Lanka
61%
Trinidad and Tobago
61%
Benin
60%
Djibouti
60%
Gambia
60%
Madagascar
60%
Uganda
60%
Cameroon
59%
Eritrea
59%
Guinea-Bissau
59%
Maldives
59%
Mauritania
59%
Namibia
59%
Senegal
59%
Timor-Leste
59%
United Republic of Tanzania
59%
Burundi
58%
Cote d'Ivoire
58%
Liberia
58%
Micronesia (Federated States of)
58%
Mozambique
58%
Gabon
57%
Grenada
57%
Palau
57%
Papua New Guinea
57%
Saint Kitts and Nevis
57%
Seychelles
57%
Tonga
57%
Comoros
56%
Liechtenstein
56%
Marshall Islands
56%
Samoa
56%
Central African Republic
55%
Kyrgyzstan
55%
Nauru
55%
Solomon Islands
55%
Tuvalu
55%
Kiribati
54%
Mauritius
54%
Saint Vincent and the Grenadines
54%
Burkina Faso
53%
Cape Verde
53%
Equatorial Guinea
53%
Sierra Leone
53%
Malawi
52%
Swaziland
52%
Vanuatu
52%
Sao Tome and Principe
51%
No matching quizzes found
Score Distribution
Percent of People with Each Score
Percentile by Number Answered
Your Score History
You have not taken this quiz since the last reset